000
00314nam a2200121Ia 4500
005
20251222141949.0
008
251222s9999||||xx |||||||||||||| ||spa||
020
_a
84-670-2314-7
082
_a
REF.463/R31E
245
0
_a
Diccionario Esencial de la Lengua EspaƱola
264
_b
Real Academia EspaƱola
942
_c
LIB
999
_c
9637
_d
9637